| 000 | 00950nam a2200265 a 4500 | ||
|---|---|---|---|
| 001 | 000038650 | ||
| 003 | DO-SdBNP | ||
| 005 | 20260130113123.0 | ||
| 007 | ta | ||
| 008 | 130417s2022 dr acd r 000 0 spa d | ||
| 020 | _a9789945933123 | ||
| 040 |
_aDO-SdBNP _bspa _cBNPHU |
||
| 082 |
_a352.53 _bR426d, 2022 |
||
| 100 | 1 |
_aPaulino, Altagracia _940393 |
|
| 245 | 1 | 0 |
_aDerecho de consumo y su aplicación en la República Dominicana : _bvisión histórica y vivencias de una gestión / _cAltagracia Paulino ; pról.. de David la Hoz |
| 260 |
_aSanto Domingo : _bFonfo Cooperativo Editorial (Foce Editorial), _c2022. |
||
| 300 |
_a250 p. ; _c24 cm. |
||
| 500 | _aIncluye datos biográficos del autor en la solapa de la cubierta. | ||
| 590 | _aInventariado, 2022 / DG | ||
| 650 | 0 |
_aProtección del consumidor _957139 |
|
| 650 | 4 |
_aRegulación del comercio _957140 |
|
| 700 | 1 |
_aLa Hoz, David _epról.. _940393 |
|
| 910 | _aDG | ||
| 942 |
_2ddc _cLBS1 |
||
| 999 |
_c52749 _d52749 |
||